000 00710nam a2200253Ia 4500
003 OSt
005 20221005051126.0
006 a|||||r|||| 00| 0
007 ta
008 221004b |||||||| |||| 00| 0 eng d
024 _a120885
037 _cTextual
040 _aCRL
_cCRL
_beng
041 _2eng
_aeng
082 _aC6, J5
100 _aPanofsky Wolfgang K H
_9506073
245 0 _aClassical electricity and magnetism
260 _aLondon
_bAddison-Wesley Publishing Company Inc.
_c1955
300 _axi,404p.
_ccm.
650 _aPHYSICS
700 _a Phillips Melba
_9506074
942 _hC6, J5
_cTEXL
_2cc
999 _c958305
_d958305